00711nam a2200193Ia 4500001000900000003000500009005001700014008004100031010001100072040001800083100004600101110004600147245014500193260005700338300000800395500000800403650004300411700006300454dia_3228CHAP20251029161635.0220117s1984 xx 000 0 und d a173727 cCHAPamxchpua aSistema Nacional para el Abasto. México aMÉXICO. SISTEMA NACIONAL PARA EL ABASTO aDiagnóstico para la instalación de centros de acopio, aguascalientes granos y oleaginosas /c México. Sistema Nacional para el Abasto aMéxico :b Sistema Nacional para el Abasto,c1984 aS.P aS/C aGranosxAguascalientesxalmacenamiento aSecretaria de agricultura y recursos hidraulicos. México